000 01058nam a22003372 4500
999 _c5795
_d5795
001 012803822
003 UkOxU
005 20220622120549.0
008 850404s1953 enka b 001 0 eng d
015 _aGB53-10268
020 _a-
035 _aOCLC ocm11884675 from D970804M
040 _aMDU
_cMDU
_dUKM
_dEQO
050 _aCB415
_b.A78 1953
082 0 4 _a615.4
_218
090 _aRS91
_b.C42 1953
245 0 4 _aThe Art of dispensing :
_ba treatise on the methods and processes involved in dispensing medical prescriptions.
250 _a12th ed.
260 _aLondon :
_bThe Chemist and Druggist,
_c1953.
300 _a504 p. :
_bill. ;
_c19 cm.
490 1 _aChemist and druggist series.
500 _aIncludes index.
504 _aBibliography: p. [471]-472.
650 0 _aDispensatories.
650 0 _aPharmacy.
650 0 _aMedicine
_vFormulae, receipts, prescriptions.
730 0 _aChemist and druggist.
830 0 _aChemist and druggist series.
942 _2lcc
_cBK
_nJO